000 00552nam a22001817a 4500
003 UA-OsUOA
001 17260
007 ta
008 20040219b un ||||| |||| 00| 0 ukr d
100 _aВойцешко Я.
942 _cSA
040 _aUA-OsUOA
_cUA-OsUOA
_dUA-OsUOA
245 _aТувинські добровольці у визволенні Деражного [Костопіл. р-ну]
300 _aС.3
955 _a0
773 0 _w0
_tВічеве слово
_dКостопіль
_d2004
_g№7/7 лют./
650 7 _aІсторія
_2UDC
999 _c303428
_d303428